<The> monetary transmission mechanism in the Czech Republic evidence from VAR analysis

Salvato in:
Dettagli Bibliografici
Autore principale: Arnoštová, Kateřina
Altri autori: Hurník, Jaromír
Natura: Libro
Lingua:inglese
Pubblicazione: Praha Czech National Bank 2005
Serie:Working paper series 4/2005
Soggetti:
Tags: Aggiungi Tag
Nessun Tag, puoi essere il primo ad aggiungerne!!

MARC

LEADER 00000nam$a2200000$$$4500
001 0038271
005 20221129082822.4
041 0 |a eng 
044 |a CZ 
245 1 0 |a <The> monetary transmission mechanism in the Czech Republic  |b evidence from VAR analysis  |c Kateřina Arnoštová, Jaromír Hurník 
264 1 |a Praha  |b Czech National Bank  |c 2005 
300 |a 17 s. 
490 1 |a Working paper series  |v 4/2005 
830 0 |a Working paper series  |v 4/2005 
610 2 0 |a prenos dát 
610 2 0 |a analýzy 
610 2 0 |a politika peňažná 
610 2 0 |a modely ekonometrické 
610 2 0 |a Česko 
100 1 |a Arnoštová, Kateřina 
700 1 |a Hurník, Jaromír